000 00484nam a2200181Ia 4500
001 18450
005 20260306171631.0
008 260306s9999||||xx |||||||||||||| ||und||
041 _aESP
082 _a658.404
_bP87
100 _aProject Management Institute
_eAUT
245 0 _aGuía de los fundamentos para la dirección de proyectos:
_b(guía del PMBOK)
260 _c2013
300 _a589 páginas :
_c29 cm.
650 _aGEN
654 _aCAN
942 _cLIB
_dJUS
_fJUS
_2ddc
_n
999 _c18450
_d18450